000 00259nam a2200097Ia 4500
001 811423
005 20250826171540.0
008 250824s9999 xx 000 0 und d
245 0 _aKAHRAMANIM NASREDDİN HOCA
_cİRFAN GÜRKAN ÇELEBİ
260 _bNESİL YAYINLARI
999 _c811423
_d811423